The Apocrypha / (Record no. 31519)
[ view plain ]
| 000 -LEADER | |
|---|---|
| fixed length control field | 00826nam a2200229 a 4500 |
| 001 - CONTROL NUMBER | |
| control field | 31519 |
| 003 - CONTROL NUMBER IDENTIFIER | |
| rucl marc code | BD-RjUL |
| 005 - DATE AND TIME OF LATEST TRANSACTION | |
| control field | 20211209051718.0 |
| 008 - FIXED-LENGTH DATA ELEMENTS--GENERAL INFORMATION | |
| fixed length control field | 140420r19531926enk 000 0 eng d |
| 035 ## - SYSTEM CONTROL NUMBER | |
| System control number | OCLC ocm01442956 from D950111M |
| -- | (BD-RjUL)31607 |
| 040 ## - CATALOGING SOURCE | |
| Original cataloging agency | IXA |
| Transcribing agency | IXA |
| Modifying agency | AZU |
| -- | EQO |
| -- | BD-RjUL |
| Language of cataloging | eng |
| 041 1# - LANGUAGE CODE | |
| Language code of text/sound track or separate title | eng |
| Language code of original | mul |
| 082 #4 - DEWEY DECIMAL CLASSIFICATION NUMBER | |
| Classification number | 229 |
| Author mark and year | APO 1953 |
| 090 ## - LOCALLY ASSIGNED LC-TYPE CALL NUMBER (OCLC); LOCAL CALL NUMBER (OCLC) | |
| Classification number (OCLC) (R) ; Classification number, CALL (RLIN) (NR) | BS1692 |
| Local cutter number (OCLC) ; Book number/undivided call number, CALL (RLIN) | 1926 |
| 245 14 - TITLE STATEMENT | |
| Title | The Apocrypha / |
| Statement of responsibility, etc. | translated out of the Greek and Latin tongues; being the version set forth A.D. 1611 compared with the most ancient authorities and revised A.D. 1894. |
| 260 ## - PUBLICATION, DISTRIBUTION, ETC. (IMPRINT) | |
| Place of publication, distribution, etc. | London : |
| Name of publisher, distributor, etc. | Oxford University Press, H. Milford, |
| Date of publication, distribution, etc. | 1926 [Reprinted 1953]. |
| 300 ## - PHYSICAL DESCRIPTION | |
| Pagination | 433 p. ; |
| Size | 16 cm. |
| 650 #7 - SUBJECT ADDED ENTRY--TOPICAL TERM | |
| Topical term or geographic name as entry element | Micmac language -- Texts. |
| 9 (RLIN) | 95940 |
| 830 #0 - SERIES ADDED ENTRY--UNIFORM TITLE | |
| Volume number/sequential designation | 294 |
| Uniform title | World's classics ; |
| 942 ## - ADDED ENTRY ELEMENTS (KOHA) | |
| Source of classification or shelving scheme | Dewey Decimal Classification |
| Koha item type | Books |
| Lost status | Source of classification or shelving scheme | Damaged status | Not for loan | Permanent Location | Current Location | Shelving location | Date acquired | Source of acquisition | Cost, normal purchase price | Total Checkouts | Full call number | Date last seen | Copy number | Koha item type |
|---|---|---|---|---|---|---|---|---|---|---|---|---|---|---|
| Dewey Decimal Classification | Not For Loan | Central Library, University of Rajshahi | Central Library, University of Rajshahi | Reading Room | 25/10/1954 | O. U. P | 2.30 | 229 APO 1953 | 20/04/2014 | C-1 | Books |